000 00337nam a22001457a 4500
020 _qPB.
040 _cFIZZA ISHAQ
082 _a324.25
_bJOH
100 _aURRY, JOHN.
_988991
245 _aCLIMTE CHANGE SOCIETY /
_cJOHN URRY.
250 _a1st ED.
260 _aNEW YORK ;
_bPOLITY,
_c2011.
300 _a217 P. ;
942 _2ddc
_cBK
999 _c587832
_d587832